00775 2200205 4500001002100000005001500021008004100036035002000077082000800097084001400105100001700119245003500136250000600171260003800177300001200215520030800227650001000535990001200545990001200557INLIS00000000000086720240604094505240604 1 ind  a0010-0524000102 a813 a813 RUD s aEfendy, Rudy1 aSelamanya Cinta /cRudy Efendy a1 aYogyakarta :bSheila/ Andi,c2013 a376 hlm aSakit hati karena Revan yang dicintainya terpaksa menikahi Rara karena hamil, Mei meninggalkan Indonesia dan tinggal di San Fransisco. Ketika suatu saat Mei harus kembali ke Indonesia, perlahan-lahan ia menyadari hatinya masih mencintai Revan. Revan pun masih sangat mengharapkan Mei kembali ke sisinya. 4aFiksi a0741334 a0741335